00392nam a2200133Ia 450000500170000000800410001702000180005808200240007610000220010024500610012226000270018330000130021065000350022320250329093844.0231217s9999 xx 000 0 und d a9788131419069 a338.43676 SEN;1 R aSen, Simantee ed. 0aGlobal paper industry : challenges and social dimensions c2008bIcfaiaHyderabad axiv, 268 aGlobal,paper,social,dimensions